[Event "festival54"]
[Site "?"]
[Date "2016.02.17"]
[Round "1.1"]
[White "Micottis, Dorian"]
[Black "Ninov, Nikolai"]
[Result "1/2-1/2"]
[LiveChessVersion "1.4.7"]
[BlackElo "2450"]
[WhiteElo "2331"]

1. e4 {[%clk 1:27:56]} c5 {[%clk 1:30:34]} 2. Nf3 {[%clk 1:27:56]} g6
{[%clk 1:30:15]} 3. d4 {[%clk 1:27:39]} cxd4 {[%clk 1:30:27]} 4. Nxd4
{[%clk 1:27:52]} Bg7 {[%clk 1:30:26]} 5. Nc3 {[%clk 1:28:02]} Nc6
{[%clk 1:30:30]} 6. Be3 {[%clk 1:28:23]} Nf6 {[%clk 1:30:45]} 7. Nxc6
{[%clk 1:27:47]} bxc6 {[%clk 1:30:07]} 8. e5 {[%clk 1:28:13]} Ng8
{[%clk 1:29:43]} 9. Bd4 {[%clk 1:28:20]} f6 {[%clk 1:27:55]} 10. f4
{[%clk 1:27:49]} fxe5 {[%clk 1:27:22]} 11. fxe5 {[%clk 1:18:56]} Qa5
{[%clk 1:27:16]} 12. Bc4 {[%clk 0:59:12]} Bxe5 {[%clk 1:23:42]} 13. O-O
{[%clk 0:58:49]} Bxd4+ {[%clk 1:22:24]} 14. Qxd4 {[%clk 0:59:13]} Qb6
{[%clk 1:22:41]} 15. Bf7+ {[%clk 0:47:01]} Kd8 {[%clk 1:21:54]} 16. Qxb6+
{[%clk 0:47:05]} axb6 {[%clk 1:22:11]} 17. Bxg8 {[%clk 0:44:50]} Rxg8
{[%clk 1:22:30]} 18. Rf7 {[%clk 0:45:15]} h5 {[%clk 0:54:41]} 19. Raf1
{[%clk 0:28:33]} d5 {[%clk 0:43:42]} 20. a3 {[%clk 0:19:09]} Bf5 {[%clk 0:35:12]}
21. Re1 {[%clk 0:13:14]} Re8 {[%clk 0:32:27]} 22. Ne2 {[%clk 0:13:22]} Ra4
{[%clk 0:27:10]} 23. c3 {[%clk 0:11:00]} Re4 {[%clk 0:27:24]} 24. Kf2
{[%clk 0:11:05]} Rh8 {[%clk 0:22:19]} 25. Nd4 {[%clk 0:09:17]} Rxe1
{[%clk 0:22:27]} 26. Kxe1 {[%clk 0:09:45]} Ke8 {[%clk 0:22:42]} 27. Rg7
{[%clk 0:08:57]} Kf8 {[%clk 0:22:51]} 28. Nxf5 {[%clk 0:08:56]} gxf5
{[%clk 0:23:12]} 29. Rg6 {[%clk 0:05:59]} Rg8 {[%clk 0:22:39]} 30. Rxc6
{[%clk 0:05:31]} Rxg2 {[%clk 0:22:58]} 31. Rxb6 {[%clk 0:05:58]} Rxh2
{[%clk 0:21:27]} 32. a4 {[%clk 0:06:23]} Rh1+ {[%clk 0:16:58]} 33. Kf2
{[%clk 0:06:45]} Ra1 {[%clk 0:17:20]} 34. Rh6 {[%clk 0:04:46]} Rxa4
{[%clk 0:13:39]} 35. Rxh5 {[%clk 0:05:08]} e6 {[%clk 0:13:46]} 36. Rh7
{[%clk 0:05:06]} d4 {[%clk 0:13:37]} 37. Rh4 {[%clk 0:03:26]} Ra2
{[%clk 0:11:43]} 38. cxd4 {[%clk 0:03:14]} Rxb2+ {[%clk 0:12:02]} 39. Ke3
{[%clk 0:03:39]} Kg7 {[%clk 0:12:02]} 40. Rh1 {[%clk 0:02:37]} Rb3+
{[%clk 0:11:23]} 41. Ke2 {[%clk 0:01:12]} Kg6 {[%clk 0:10:19]} 42. Rd1
{[%clk 0:00:50]} Kf6 {[%clk 0:09:30]} 43. Ra1 {[%clk 0:00:48]} f4
{[%clk 0:08:00]} 44. Ra5 {[%clk 0:00:34]} Re3+ {[%clk 0:08:09]} 45. Kd2
{[%clk 0:00:37]} Rg3 {[%clk 0:08:04]} 46. Ke2 {[%clk 0:00:44]} Rg5
{[%clk 0:08:12]} 47. Ra4 {[%clk 0:00:33]} Rb5 {[%clk 0:06:52]} 48. Kf3
{[%clk 0:00:33]} Kf5 {[%clk 0:07:06]} 49. Ra3 {[%clk 0:00:57]} Rd5
{[%clk 0:04:59]} 50. Ra4 {[%clk 0:01:22]} Kg5 {[%clk 0:05:17]} 51. Ra6
{[%clk 0:01:06]} Kf5 {[%clk 0:03:29]} 52. Ra4 {[%clk 0:01:35]} Rb5
{[%clk 0:03:42]} 53. Ra3 {[%clk 0:01:58]} Kg5 {[%clk 0:04:02]} 54. Rc3
{[%clk 0:01:53]} Rf5 {[%clk 0:03:12]} 55. Rc5 {[%clk 0:01:07]} Kf6
{[%clk 0:02:55]} 56. Rc8 {[%clk 0:01:22]} Ke7 {[%clk 0:03:05]} 57. Rc6
{[%clk 0:01:12]} Kd7 {[%clk 0:02:45]} 58. Ra6 {[%clk 0:01:35]} Rf8
{[%clk 0:03:04]} 59. Rb6 {[%clk 0:01:47]} Ke7 {[%clk 0:03:14]} 60. Ra6
{[%clk 0:02:06]} Rf6 {[%clk 0:03:24]} 61. Rb6 {[%clk 0:02:05]} Kf7
{[%clk 0:03:40]} 62. Rb1 {[%clk 0:01:30]} Kg6 {[%clk 0:03:03]} 63. Rg1+
{[%clk 0:01:10]} Kf5 {[%clk 0:03:07]} 64. Rg4 {[%clk 0:01:23]} e5
{[%clk 0:03:25]} 65. dxe5 {[%clk 0:01:49]} Kxe5 {[%clk 0:03:46]} 66. Rg5+
{[%clk 0:02:10]} Rf5 {[%clk 0:04:07]} 67. Rxf5+ {[%clk 0:02:03]} Kxf5
{[%clk 0:04:28]} 68. Kf2 {[%clk 0:02:30]} Ke4 {[%clk 0:04:47]} 69. Ke2
{[%clk 0:02:56]} f3+ {[%clk 0:05:06]} 70. Kf2 {[%clk 0:03:23]} Kf4
{[%clk 0:05:28]} 71. Kf1 {[%clk 0:03:49]} Ke3 {[%clk 0:05:45]} 72. Ke1
{[%clk 0:04:15]} f2+ {[%clk 0:06:06]} 73. Kf1 {[%clk 0:04:40]} Kf3 1/2-1/2

[Event "festival54"]
[Site "?"]
[Date "2016.02.17"]
[Round "1.2"]
[White "Migot, Tangi"]
[Black "Pucher, Sebastien"]
[Result "1/2-1/2"]
[LiveChessVersion "1.4.7"]
[BlackElo "2297"]
[WhiteElo "2397"]

1. e4 {[%clk 1:30:57]} c5 {[%clk 1:28:25]} 2. Nf3 {[%clk 1:31:01]} e6
{[%clk 1:28:21]} 3. b3 {[%clk 1:28:51]} b6 {[%clk 1:21:34]} 4. c4
{[%clk 1:24:50]} Bb7 {[%clk 1:21:35]} 5. Nc3 {[%clk 1:24:47]} Nc6
{[%clk 1:19:40]} 6. g3 {[%clk 1:21:52]} Nd4 {[%clk 1:10:27]} 7. Bg2
{[%clk 1:19:02]} Nxf3+ {[%clk 1:09:58]} 8. Bxf3 {[%clk 1:18:58]} Ne7
{[%clk 1:09:19]} 9. Bb2 {[%clk 1:08:33]} Nc6 {[%clk 1:07:09]} 10. Bg2
{[%clk 1:06:31]} Be7 {[%clk 1:02:10]} 11. O-O {[%clk 1:02:37]} Bf6
{[%clk 0:59:31]} 12. Re1 {[%clk 0:56:10]} d6 {[%clk 0:56:42]} 13. Rb1
{[%clk 0:51:36]} O-O {[%clk 0:54:17]} 14. a3 {[%clk 0:50:13]} Rb8
{[%clk 0:50:21]} 15. Ne2 {[%clk 0:37:39]} Bxb2 {[%clk 0:49:25]} 16. Rxb2
{[%clk 0:38:04]} Qf6 {[%clk 0:48:47]} 17. Rb1 {[%clk 0:28:12]} Nd4
{[%clk 0:39:59]} 18. Nxd4 {[%clk 0:26:22]} Qxd4 {[%clk 0:38:41]} 19. Qe2
{[%clk 0:25:59]} e5 {[%clk 0:24:45]} 20. Qe3 {[%clk 0:19:59]} f5 {[%clk 0:23:08]}
21. Qxd4 {[%clk 0:17:40]} cxd4 {[%clk 0:23:10]} 22. exf5 {[%clk 0:17:28]} Rxf5
{[%clk 0:22:20]} 23. d3 {[%clk 0:16:58]} Bxg2 {[%clk 0:14:03]} 24. Kxg2
{[%clk 0:17:15]} Rbf8 {[%clk 0:14:21]} 25. Rb2 {[%clk 0:16:47]} g5
{[%clk 0:09:28]} 26. h3 {[%clk 0:16:36]} h5 {[%clk 0:08:33]} 27. b4
{[%clk 0:16:26]} Kg7 {[%clk 0:07:22]} 28. c5 {[%clk 0:08:57]} bxc5
{[%clk 0:05:49]} 29. bxc5 {[%clk 0:09:22]} dxc5 {[%clk 0:05:53]} 30. g4
{[%clk 0:09:14]} hxg4 {[%clk 0:05:45]} 31. hxg4 {[%clk 0:09:40]} Rf4
{[%clk 0:04:58]} 32. Rxe5 {[%clk 0:09:26]} Rxg4+ {[%clk 0:04:43]} 33. Kf1
{[%clk 0:08:24]} Rf7 {[%clk 0:00:37]} 34. Rxc5 {[%clk 0:08:40]} Rg3
{[%clk 0:00:35]} 35. Rb3 {[%clk 0:05:25]} Kg6 {[%clk 0:00:32]} 36. Rbb5
{[%clk 0:02:36]} Rxd3 {[%clk 0:00:32]} 37. Rxg5+ {[%clk 0:02:55]} Kh7
{[%clk 0:00:34]} 38. Rh5+ {[%clk 0:01:42]} Kg7 {[%clk 0:00:36]} 39. Rhg5+
{[%clk 0:02:04]} Kh7 {[%clk 0:00:47]} 40. Rh5+ {[%clk 0:01:57]} Kg7
{[%clk 0:01:15]} 41. Rbg5+ {[%clk 0:01:13]} Kf8 {[%clk 0:01:27]} 42. Rh8+
{[%clk 0:01:39]} Ke7 {[%clk 0:01:51]} 43. Ra5 {[%clk 0:02:00]} Kf6
{[%clk 0:00:31]} 44. Ra8 {[%clk 0:02:16]} Rd2 {[%clk 0:00:34]} 45. Ke1
{[%clk 0:00:57]} Ra2 {[%clk 0:00:36]} 46. R5xa7 {[%clk 0:01:20]} Rxa7
{[%clk 0:00:53]} 47. Rxa7 {[%clk 0:01:46]} Ke5 {[%clk 0:01:10]} 48. Rh7
{[%clk 0:00:43]} Rxa3 {[%clk 0:00:32]} 49. Kd2 {[%clk 0:01:06]} Ra2+
{[%clk 0:00:53]} 50. Kd3 {[%clk 0:01:28]} Rxf2 {[%clk 0:01:10]} 51. Rh5+
{[%clk 0:01:50]} Rf5 {[%clk 0:01:31]} 52. Rxf5+ {[%clk 0:02:16]} Kxf5
{[%clk 0:01:56]} 53. Kxd4 Ke5+ 54. Ke4+ 1/2-1/2

[Event "festival54"]
[Site "?"]
[Date "2016.02.17"]
[Round "1.3"]
[White "Le Corre, Benjamin"]
[Black "Jessel, Stephen"]
[Result "0-1"]
[LiveChessVersion "1.4.7"]
[BlackElo "2336"]
[WhiteElo "2303"]

1. e4 {[%clk 1:30:57]} e6 {[%clk 1:30:47]} 2. d4 {[%clk 1:31:22]} d5
{[%clk 1:31:07]} 3. Nc3 {[%clk 1:31:46]} Nf6 {[%clk 1:31:19]} 4. exd5
{[%clk 1:31:48]} exd5 {[%clk 1:30:50]} 5. Bf4 {[%clk 1:31:35]} Be7
{[%clk 1:29:08]} 6. Bd3 {[%clk 1:31:30]} O-O {[%clk 1:26:19]} 7. Nge2
{[%clk 1:28:16]} a6 {[%clk 1:21:31]} 8. Ng3 {[%clk 1:20:39]} c5 {[%clk 1:13:03]}
9. dxc5 {[%clk 1:20:26]} Bxc5 {[%clk 1:11:17]} 10. O-O {[%clk 1:20:01]} Bg4
{[%clk 0:53:10]} 11. Qd2 {[%clk 1:13:36]} Nc6 {[%clk 0:47:26]} 12. h3
{[%clk 1:09:07]} Be6 {[%clk 0:45:28]} 13. Rad1 {[%clk 1:09:19]} Re8
{[%clk 0:37:55]} 14. a3 {[%clk 1:04:20]} Bf8 {[%clk 0:34:21]} 15. b4
{[%clk 0:52:25]} h6 {[%clk 0:32:09]} 16. Nce2 {[%clk 0:46:48]} Qd7
{[%clk 0:22:03]} 17. c3 {[%clk 0:46:41]} Rad8 {[%clk 0:19:36]} 18. Bb1
{[%clk 0:46:38]} Qc8 {[%clk 0:16:32]} 19. Nd4 {[%clk 0:45:55]} Ne4
{[%clk 0:08:46]} 20. Qd3 {[%clk 0:34:11]} Bd7 {[%clk 0:03:13]} 21. f3
{[%clk 0:29:46]} Nxd4 {[%clk 0:02:40]} 22. cxd4 {[%clk 0:30:00]} Bb5
{[%clk 0:02:30]} 23. Qb3 {[%clk 0:23:48]} Nxg3 {[%clk 0:02:36]} 24. Bxg3
{[%clk 0:24:11]} Bxf1 {[%clk 0:02:42]} 25. Kxf1 {[%clk 0:23:55]} Qc4+
{[%clk 0:01:29]} 26. Qxc4 {[%clk 0:24:19]} dxc4 {[%clk 0:01:58]} 27. Be4
{[%clk 0:24:37]} b5 {[%clk 0:00:52]} 28. Bc7 {[%clk 0:23:53]} Rc8
{[%clk 0:00:45]} 29. Bb6 {[%clk 0:23:51]} Bd6 {[%clk 0:00:34]} 30. Bc5
{[%clk 0:21:23]} Bxc5 {[%clk 0:00:33]} 31. bxc5 {[%clk 0:21:43]} Red8
{[%clk 0:00:36]} 32. Bb7 {[%clk 0:21:50]} Rxc5 {[%clk 0:00:31]} 33. dxc5
{[%clk 0:22:09]} Rxd1+ {[%clk 0:00:58]} 34. Ke2 {[%clk 0:22:33]} Rd7
{[%clk 0:00:34]} 35. Bxa6 {[%clk 0:19:40]} Rc7 {[%clk 0:00:36]} 36. Bxb5
{[%clk 0:19:51]} Rxc5 {[%clk 0:01:02]} 37. a4 {[%clk 0:20:16]} Kf8
{[%clk 0:00:37]} 38. Kd2 {[%clk 0:20:21]} c3+ {[%clk 0:00:52]} 39. Kc2
{[%clk 0:20:46]} Ke7 {[%clk 0:01:02]} 40. Bd3 {[%clk 0:21:07]} Kd6
{[%clk 0:00:57]} 41. g3 {[%clk 0:20:34]} Kd5 {[%clk 0:00:51]} 42. a5
{[%clk 0:17:07]} Rxa5 {[%clk 0:00:51]} 43. Kxc3 {[%clk 0:17:31]} Ra3+
{[%clk 0:01:09]} 44. Kd4+ Ke5+ 0-1

[Event "festival54"]
[Site "?"]
[Date "2016.02.17"]
[Round "1.4"]
[White "Mohota, Nisha"]
[Black "Iglesias, Joachim"]
[Result "1/2-1/2"]
[LiveChessVersion "1.4.7"]
[BlackElo "2308"]
[WhiteElo "2257"]

1. e4 {[%clk 1:30:38]} d6 {[%clk 1:30:50]} 2. d4 {[%clk 1:30:54]} Nf6
{[%clk 1:31:13]} 3. Nc3 {[%clk 1:31:05]} e5 {[%clk 1:31:29]} 4. Nf3
{[%clk 1:30:29]} Nbd7 {[%clk 1:31:44]} 5. Bc4 {[%clk 1:30:01]} Be7
{[%clk 1:31:56]} 6. a4 {[%clk 1:30:22]} O-O {[%clk 1:30:20]} 7. O-O
{[%clk 1:30:28]} c6 {[%clk 1:28:52]} 8. Re1 {[%clk 1:27:19]} b6 {[%clk 1:27:53]}
9. b3 {[%clk 1:17:27]} a6 {[%clk 1:26:03]} 10. Bb2 {[%clk 1:13:04]} Bb7
{[%clk 1:24:42]} 11. dxe5 {[%clk 1:10:53]} dxe5 {[%clk 1:18:50]} 12. Nh4
{[%clk 0:58:58]} b5 {[%clk 1:09:34]} 13. Bf1 {[%clk 0:53:16]} g6 {[%clk 1:01:39]}
14. g3 {[%clk 0:52:21]} Nc5 {[%clk 0:52:25]} 15. Qxd8 {[%clk 0:38:12]} Raxd8
{[%clk 0:42:56]} 16. f3 {[%clk 0:35:46]} Ne6 {[%clk 0:34:29]} 17. Ne2
{[%clk 0:31:34]} Bc5+ {[%clk 0:30:23]} 18. Kh1 {[%clk 0:31:21]} Nd4
{[%clk 0:22:47]} 19. Nxd4 {[%clk 0:29:15]} exd4 {[%clk 0:17:26]} 20. c4
{[%clk 0:23:34]} dxc3 {[%clk 0:14:23]} 21. Bxc3 {[%clk 0:23:55]} Bd4
{[%clk 0:13:40]} 22. Rac1 {[%clk 0:22:08]} Bxc3 {[%clk 0:07:41]} 23. Rxc3
{[%clk 0:22:35]} Rd2 {[%clk 0:08:02]} 24. axb5 {[%clk 0:21:42]} axb5
{[%clk 0:08:23]} 25. Ra1 {[%clk 0:19:36]} Ra8 {[%clk 0:07:42]} 26. Rxa8+
{[%clk 0:17:46]} Bxa8 {[%clk 0:08:11]} 27. Bxb5 {[%clk 0:15:01]} cxb5
{[%clk 0:08:38]} 28. Rc8+ {[%clk 0:15:25]} Kg7 {[%clk 0:09:05]} 29. Rxa8
{[%clk 0:15:49]} Rb2 {[%clk 0:08:27]} 30. Rd8 {[%clk 0:09:49]} Rxb3
{[%clk 0:08:02]} 31. e5 {[%clk 0:10:02]} Ng8 {[%clk 0:07:38]} 32. f4
{[%clk 0:06:18]} Nh6 {[%clk 0:07:04]} 33. Rd7 {[%clk 0:06:02]} Kg8
{[%clk 0:05:41]} 34. Rd8+ {[%clk 0:04:13]} Kg7 {[%clk 0:06:06]} 35. Rd7
{[%clk 0:04:22]} Kg8 {[%clk 0:06:32]} 36. Rd8+ {[%clk 0:04:41]} 1/2-1/2

[Event "festival54"]
[Site "?"]
[Date "2016.02.17"]
[Round "1.5"]
[White "Mager, Denis"]
[Black "Adrian, Claude"]
[Result "0-1"]
[LiveChessVersion "1.4.7"]
[BlackElo "2202"]
[WhiteElo "2239"]

1. c4 {[%clk 1:30:54]} c5 {[%clk 1:30:51]} 2. Nf3 {[%clk 1:31:08]} g6
{[%clk 1:31:16]} 3. d4 {[%clk 1:30:03]} cxd4 {[%clk 1:31:09]} 4. Nxd4
{[%clk 1:27:21]} Nc6 {[%clk 1:29:37]} 5. e4 {[%clk 1:26:15]} Bg7 {[%clk 1:29:50]}
6. Be3 {[%clk 1:25:08]} Nh6 {[%clk 1:30:00]} 7. Be2 {[%clk 1:17:42]} d6
{[%clk 1:29:46]} 8. O-O {[%clk 1:14:33]} f5 {[%clk 1:28:20]} 9. Qd2
{[%clk 1:02:33]} Nxd4 {[%clk 1:18:29]} 10. Bxd4 {[%clk 1:02:45]} e5
{[%clk 1:15:27]} 11. Bc3 {[%clk 1:01:25]} fxe4 {[%clk 1:07:49]} 12. Bb4
{[%clk 0:59:09]} Nf5 {[%clk 1:05:51]} 13. Nc3 {[%clk 0:58:42]} Qh4
{[%clk 0:45:46]} 14. Qd5 {[%clk 0:39:40]} Bd7 {[%clk 0:30:11]} 15. Nxe4
{[%clk 0:33:16]} O-O-O {[%clk 0:28:21]} 16. Nxd6+ {[%clk 0:26:50]} Nxd6
{[%clk 0:28:39]} 17. Bxd6 {[%clk 0:25:30]} Qd4 {[%clk 0:26:17]} 18. Rfd1
{[%clk 0:20:54]} Qxd5 {[%clk 0:26:05]} 19. cxd5 {[%clk 0:21:19]} Bf5
{[%clk 0:24:19]} 20. Rac1+ {[%clk 0:18:00]} Kd7 {[%clk 0:23:34]} 21. Bc7
{[%clk 0:17:53]} Ra8 {[%clk 0:20:29]} 22. Bb5+ {[%clk 0:16:51]} Ke7
{[%clk 0:20:23]} 23. d6+ {[%clk 0:15:10]} Kf7 {[%clk 0:20:22]} 24. d7
{[%clk 0:12:44]} Bf6 {[%clk 0:20:34]} 25. Rc5 {[%clk 0:09:47]} a6
{[%clk 0:17:41]} 26. Bc4+ {[%clk 0:09:04]} Be6 {[%clk 0:16:53]} 27. Bxe6+
{[%clk 0:08:51]} Kxe6 {[%clk 0:17:21]} 28. Rcd5 {[%clk 0:08:52]} Bd8
{[%clk 0:16:20]} 29. Rxe5+ {[%clk 0:08:23]} Kf6 {[%clk 0:15:31]} 30. Bd6
{[%clk 0:08:31]} h5 {[%clk 0:15:30]} 31. Re8 {[%clk 0:07:18]} Rh7
{[%clk 0:15:48]} 32. Bc7 {[%clk 0:06:54]} 0-1

[Event "festival54"]
[Site "?"]
[Date "2016.02.17"]
[Round "2.1"]
[White "Micottis, Dorian"]
[Black "Mohota, Nisha"]
[Result "0-1"]
[LiveChessVersion "1.4.7"]
[BlackElo "2257"]
[WhiteElo "2331"]

1. e4 {[%clk 1:30:01]} Nf6 {[%clk 1:27:19]} 2. e5 {[%clk 1:30:00]} Nd5
{[%clk 1:27:44]} 3. d4 {[%clk 1:30:10]} d6 {[%clk 1:28:09]} 4. c4
{[%clk 1:30:25]} Nb6 {[%clk 1:28:35]} 5. exd6 {[%clk 1:30:48]} cxd6
{[%clk 1:28:54]} 6. Nc3 {[%clk 1:30:53]} g6 {[%clk 1:28:59]} 7. Be3
{[%clk 1:31:13]} Bg7 {[%clk 1:29:26]} 8. Rc1 {[%clk 1:31:28]} O-O
{[%clk 1:29:46]} 9. b3 {[%clk 1:31:35]} Bf5 {[%clk 1:29:52]} 10. Nge2
{[%clk 1:31:35]} Bc8 {[%clk 1:24:40]} 11. Qd2 {[%clk 1:20:21]} e6
{[%clk 1:13:34]} 12. h4 {[%clk 1:14:25]} Nc6 {[%clk 1:11:31]} 13. h5
{[%clk 1:07:19]} Ne7 {[%clk 1:06:19]} 14. Ng3 {[%clk 1:05:14]} Nf5
{[%clk 1:02:22]} 15. Nxf5 {[%clk 1:04:59]} gxf5 {[%clk 1:00:05]} 16. Be2
{[%clk 0:55:11]} e5 {[%clk 0:47:40]} 17. dxe5 {[%clk 0:47:56]} dxe5
{[%clk 0:47:24]} 18. h6 {[%clk 0:37:57]} Qxd2+ {[%clk 0:47:12]} 19. Bxd2
{[%clk 0:38:21]} Bf6 {[%clk 0:44:41]} 20. c5 {[%clk 0:38:26]} Nd7
{[%clk 0:45:09]} 21. Nd5 {[%clk 0:38:34]} Bd8 {[%clk 0:45:27]} 22. Bc3
{[%clk 0:28:56]} Nxc5 {[%clk 0:39:38]} 23. Bxe5 {[%clk 0:27:36]} Re8
{[%clk 0:39:02]} 24. f4 {[%clk 0:20:03]} Ne4 {[%clk 0:36:02]} 25. Rh3
{[%clk 0:15:15]} Be6 {[%clk 0:31:45]} 26. Nc3 {[%clk 0:14:02]} Ba5
{[%clk 0:26:01]} 27. Bd3 {[%clk 0:05:51]} f6 {[%clk 0:21:05]} 28. Bxe4
{[%clk 0:04:27]} fxe5 {[%clk 0:21:02]} 29. Bxb7 {[%clk 0:04:15]} Rab8
{[%clk 0:20:50]} 30. Ba6 {[%clk 0:03:48]} Rb6 {[%clk 0:16:45]} 31. Bc4
{[%clk 0:03:05]} Bxc4 {[%clk 0:13:34]} 32. bxc4 {[%clk 0:03:32]} Rc6
{[%clk 0:13:15]} 33. Kf1 {[%clk 0:02:23]} Rxc4 {[%clk 0:13:01]} 34. Ne2
{[%clk 0:02:36]} Rxc1+ {[%clk 0:11:49]} 35. Nxc1 {[%clk 0:03:03]} exf4
{[%clk 0:12:01]} 36. Ne2 {[%clk 0:02:18]} Bd2 {[%clk 0:08:48]} 37. Rh4
{[%clk 0:01:31]} Re4 {[%clk 0:08:21]} 38. g3 {[%clk 0:01:09]} f3 {[%clk 0:07:35]}
39. Ng1 {[%clk 0:01:35]} Re1+ {[%clk 0:07:22]} 40. Kf2 {[%clk 0:02:02]} Be3+
{[%clk 0:07:42]} 41. Kxf3 {[%clk 0:01:15]} Bxg1 {[%clk 0:07:51]} 42. Rh1
{[%clk 0:00:46]} Bf2 {[%clk 0:05:39]} 43. Rh5 {[%clk 0:01:11]} Be3
{[%clk 0:05:20]} 44. Rxf5 {[%clk 0:01:35]} Rf1+ {[%clk 0:05:35]} 0-1

[Event "festival54"]
[Site "?"]
[Date "2016.02.17"]
[Round "2.2"]
[White "Pucher, Sebastien"]
[Black "Le Corre, Benjamin"]
[Result "1/2-1/2"]
[LiveChessVersion "1.4.7"]
[BlackElo "2303"]
[WhiteElo "2297"]

1. d4 {[%clk 1:30:02]} Nf6 {[%clk 1:27:54]} 2. c4 {[%clk 1:30:12]} e5
{[%clk 1:28:15]} 3. dxe5 {[%clk 1:27:13]} Ng4 {[%clk 1:27:43]} 4. Nf3
{[%clk 1:26:32]} Nc6 {[%clk 1:28:01]} 5. e3 {[%clk 1:20:56]} Bb4+
{[%clk 1:25:29]} 6. Bd2 {[%clk 1:14:31]} Bxd2+ {[%clk 1:23:10]} 7. Qxd2
{[%clk 1:14:08]} O-O {[%clk 1:19:08]} 8. Be2 {[%clk 1:13:41]} Ngxe5
{[%clk 1:18:01]} 9. Nc3 {[%clk 1:13:05]} d6 {[%clk 1:16:12]} 10. O-O
{[%clk 1:10:38]} Nd7 {[%clk 1:14:06]} 11. Nd4 {[%clk 1:07:13]} Nxd4
{[%clk 1:11:31]} 12. exd4 {[%clk 1:03:44]} Rb8 {[%clk 1:02:06]} 13. Rfe1
{[%clk 0:54:09]} Nf6 {[%clk 1:00:23]} 14. Qf4 {[%clk 0:48:47]} Bd7
{[%clk 0:43:49]} 15. Bd3 {[%clk 0:17:48]} Re8 {[%clk 0:43:40]} 16. b4
{[%clk 0:16:11]} b6 {[%clk 0:34:42]} 17. h3 {[%clk 0:14:24]} h6 {[%clk 0:24:21]}
18. a4 {[%clk 0:03:36]} Re7 {[%clk 0:19:43]} 19. Rxe7 {[%clk 0:00:47]} Qxe7
{[%clk 0:19:19]} 20. Nb5 {[%clk 0:01:14]} Bxb5 {[%clk 0:18:36]} 21. axb5
{[%clk 0:01:42]} Ra8 {[%clk 0:18:54]} 22. Qd2 {[%clk 0:00:36]} d5
{[%clk 0:18:30]} 23. c5 {[%clk 0:00:48]} Kf8 {[%clk 0:13:15]} 24. Re1
{[%clk 0:00:57]} Qd7 {[%clk 0:13:07]} 25. Qf4 {[%clk 0:00:33]} Re8
{[%clk 0:12:35]} 26. Ra1 {[%clk 0:00:40]} Ra8 {[%clk 0:10:29]} 27. Re1
{[%clk 0:00:34]} Re8 {[%clk 0:10:53]} 28. Ra1 {[%clk 0:00:58]} Ra8
{[%clk 0:11:18]} 29. Qc1 {[%clk 0:00:47]} Nh5 {[%clk 0:07:21]} 30. Ra2
{[%clk 0:01:12]} Qe7 {[%clk 0:07:23]} 31. Be2 {[%clk 0:00:32]} Nf6
{[%clk 0:07:35]} 32. Bf3 {[%clk 0:00:32]} Qd7 {[%clk 0:07:21]} 33. cxb6
{[%clk 0:00:32]} cxb6 {[%clk 0:07:42]} 34. Qc6 {[%clk 0:00:44]} Rd8
{[%clk 0:08:04]} 35. Re2 {[%clk 0:00:35]} Qd6 {[%clk 0:07:00]} 36. Qb7
{[%clk 0:00:32]} Qd7 {[%clk 0:07:14]} 37. Qc6 {[%clk 0:00:49]} Qd6
{[%clk 0:07:37]} 38. Qb7 {[%clk 0:01:14]} Qd7 {[%clk 0:07:07]} 39. Qc6 Qd6 40.
Qb7 Qd7 1/2-1/2

[Event "festival54"]
[Site "?"]
[Date "2016.02.17"]
[Round "2.3"]
[White "Ninov, Nikolai"]
[Black "Adrian, Claude"]
[Result "1-0"]
[LiveChessVersion "1.4.7"]
[BlackElo "2202"]
[WhiteElo "2450"]

1. e4 {[%clk 1:30:55]} e6 {[%clk 1:26:30]} 2. d4 {[%clk 1:31:08]} d5
{[%clk 1:26:57]} 3. Nc3 {[%clk 1:30:48]} Bb4 {[%clk 1:25:44]} 4. Nge2
{[%clk 1:27:54]} dxe4 {[%clk 1:25:25]} 5. a3 {[%clk 1:28:14]} Bxc3+
{[%clk 1:25:52]} 6. Nxc3 {[%clk 1:28:33]} Nc6 {[%clk 1:26:17]} 7. d5
{[%clk 1:28:05]} exd5 {[%clk 1:25:40]} 8. Qxd5 {[%clk 1:28:14]} Be6
{[%clk 1:24:22]} 9. Qxe4 {[%clk 1:28:25]} Nf6 {[%clk 1:22:41]} 10. Qh4
{[%clk 1:27:52]} Qd4 {[%clk 1:19:21]} 11. Bg5 {[%clk 1:27:42]} O-O-O
{[%clk 1:15:52]} 12. Qxd4 {[%clk 1:27:21]} Nxd4 {[%clk 1:12:23]} 13. O-O-O
{[%clk 1:21:20]} Bf5 {[%clk 1:08:47]} 14. Rd2 {[%clk 1:10:32]} Rd6
{[%clk 1:03:27]} 15. Bc4 {[%clk 0:42:52]} Bg6 {[%clk 0:53:12]} 16. Rhd1
{[%clk 0:31:42]} Rhd8 {[%clk 0:52:23]} 17. Bxf6 {[%clk 0:23:42]} gxf6
{[%clk 0:51:25]} 18. Nd5 {[%clk 0:23:33]} c5 {[%clk 0:45:52]} 19. c3
{[%clk 0:21:18]} Nc6 {[%clk 0:44:57]} 20. Nb6+ {[%clk 0:19:52]} Kc7
{[%clk 0:43:37]} 21. Na8+ {[%clk 0:20:04]} Rxa8 {[%clk 0:42:03]} 22. Rxd6
{[%clk 0:20:22]} Ne5 {[%clk 0:41:13]} 23. Be2 {[%clk 0:19:34]} c4
{[%clk 0:39:50]} 24. Rxf6 {[%clk 0:18:10]} Re8 {[%clk 0:37:00]} 25. Rd2
{[%clk 0:16:55]} Nd3+ {[%clk 0:36:25]} 26. Bxd3 {[%clk 0:16:41]} cxd3
{[%clk 0:36:41]} 27. Kd1 {[%clk 0:15:23]} Kd7 {[%clk 0:35:25]} 28. g4
{[%clk 0:13:31]} Ke7 {[%clk 0:35:14]} 29. Rf3 {[%clk 0:13:38]} Rd8
{[%clk 0:35:35]} 30. Re3+ {[%clk 0:13:44]} 1-0